[Event "Stay Safe Play From Home 372."]
[Site "Emanuel Lasker Arena"]
[Date "2020.08.10"]
[Round "6"]
[White "MarkonY"]
[Black "Don59as"]
[Result "1-0"]
[WhiteElo "2333"]
[BlackElo "2013"]
[Annotator "NA"]
[PlyCount "95"]
[EventDate "2020.08.10"]
[EventType "swiss (blitz)"]

1. d4 {[%emt 0:00:02]} d5 {[%emt 0:00:01]} 2. c4 {[%emt 0:00:01]} e5 {[%emt 0:00:01]} 3. dxe5 {[%emt 0:00:02]} d4 {[%emt 0:00:01]} 4. Nf3 {[%emt 0:00:00]} Nc6 {[%emt 0:00:01]} 5. g3 {[%emt 0:00:02]} Be6 {[%emt 0:00:01]} 6. Nbd2 {[%emt 0:00:02]} Qd7 {[%emt 0:00:01]} 7. Bg2 {[%emt 0:00:01]} Nge7 {[%emt 0:00:01]} 8. Qb3 {[%emt 0:00:18]} Ng6 {[%emt 0:00:02]} 9. Ng5 {[%emt 0:00:13]} Rb8 {[%emt 0:00:28]} 10. Nxe6 {[%emt 0:00:05]} Qxe6 {[%emt 0:00:06]} 11. f4 {[%emt 0:00:02]} h5 {[%emt 0:00:08]} 12. f5 {[%emt 0:00:04]} Qxf5 {[%emt 0:00:17]} 13. Bxc6+ {[%emt 0:00:03]} bxc6 {[%emt 0:00:04]} 14. Qxb8+ {[%emt 0:00:02]} Kd7 {[%emt 0:00:01]} 15. Qxa7 {[%emt 0:00:17]} Nxe5 {[%emt 0:00:18]} 16. Qxd4+ {[%emt 0:00:01]} Kc8 {[%emt 0:00:01]} 17. Rf1 {[%emt 0:00:17]} Qe6 {[%emt 0:00:02]} 18. b3 {[%emt 0:00:26]} Bc5 {[%emt 0:00:03]} 19. Qe4 {[%emt 0:00:04]} Re8 {[%emt 0:00:11]} 20. Qf5 {[%emt 0:00:04]} f6 {[%emt 0:00:19]} 21. Qxe6+ {[%emt 0:00:01]} Rxe6 {[%emt 0:00:01]} 22. Kd1 {[%emt 0:00:00]} Ng4 {[%emt 0:00:05]} 23. Nf3 {[%emt 0:00:01]} Be3 {[%emt 0:00:05]} 24. Bxe3 {[%emt 0:00:07]} Nxe3+ {[%emt 0:00:01]} 25. Kd2 {[%emt 0:00:01]} Nxf1+ {[%emt 0:00:02]} 26. Rxf1 {[%emt 0:00:00]} c5 {[%emt 0:00:02]} 27. e3 {[%emt 0:00:02]} Kb7 {[%emt 0:00:02]} 28. Kd3 {[%emt 0:00:03]} g5 {[%emt 0:00:01]} 29. Nd2 {[%emt 0:00:01]} Rd6+ {[%emt 0:00:02]} 30. Ke2 {[%emt 0:00:01]} Re6 {[%emt 0:00:01]} 31. e4 {[%emt 0:00:01]} Kc6 {[%emt 0:00:02]} 32. Ke3 {[%emt 0:00:01]} h4 {[%emt 0:00:02]} 33. Rf5 {[%emt 0:00:01]} hxg3 {[%emt 0:00:01]} 34. hxg3 {[%emt 0:00:00]} Kd7 {[%emt 0:00:01]} 35. Rxc5 {[%emt 0:00:02]} Re8 {[%emt 0:00:01]} 36. Ra5 {[%emt 0:00:01]} Rh8 {[%emt 0:00:01]} 37. Nf3 {[%emt 0:00:02]} Rh1 {[%emt 0:00:01]} 38. g4 {[%emt 0:00:00]} Rc1 {[%emt 0:00:04]} 39. e5 {[%emt 0:00:01]} Rc3+ {[%emt 0:00:01]} 40. Ke4 {[%emt 0:00:01]} fxe5 {[%emt 0:00:03]} 41. Nxe5+ {[%emt 0:00:00]} Kc8 {[%emt 0:00:01]} 42. c5 {[%emt 0:00:01]} Rg3 {[%emt 0:00:02]} 43. b4 {[%emt 0:00:01]} Kb7 {[%emt 0:00:01]} 44. b5 {[%emt 0:00:02]} Rg1 {[%emt 0:00:02]} 45. a4 {[%emt 0:00:01]} Re1+ {[%emt 0:00:02]} 46. Kf5 {[%emt 0:00:01]} Rc1 {[%emt 0:00:00]} 47. c6+ {[%emt 0:00:01]} Kb8 {[%emt 0:00:01]} 48. Nd7+ {[%emt 0:00:01] Don59as resigns Don59as resigns Don59as resigns Don59as resigns Don59as resigns (Lag: Av=0.59s, max=1.5s) (Lag: Av=0.59s, max=1.5s) (Lag: Av=0.59s, max=1.5s) (Lag: Av=0.59s, max=1.5s) (Lag: Av=0.59s, max=1.5s)} 1-0

[Event "Stay Safe Play From Home 372."]
[Site "Emanuel Lasker Arena"]
[Date "2020.08.10"]
[Round "6"]
[White "SelamiSahin"]
[Black "Ionelluca"]
[Result "1-0"]
[WhiteElo "2145"]
[BlackElo "1973"]
[PlyCount "115"]
[EventDate "2020.08.10"]
[EventType "swiss (blitz)"]

{Yarar, Atakan} 1. d4 {[%emt 0:00:04]} Nf6 {[%emt 0:00:03]} 2. c4 {[%emt 0:00:01]} e6 {[%emt 0:00:02]} 3. Nc3 {[%emt 0:00:01]} Bb4 {[%emt 0:00:01]} 4. f3 {[%emt 0:00:01]} c5 {[%emt 0:00:02]} 5. d5 {[%emt 0:00:01]} b5 {[%emt 0:00:02]} 6. e4 {[%emt 0:00:08]} Bxc3+ {[%emt 0:00:02]} 7. bxc3 {[%emt 0:00:02]} Qa5 {[%emt 0:00:01]} 8. dxe6 {[%emt 0:00:24]} fxe6 {[%emt 0:00:04]} 9. cxb5 {[%emt 0:00:03]} d5 {[%emt 0:00:05]} 10. exd5 {[%emt 0:00:05]} exd5 {[%emt 0:00:05]} 11. Ne2 {[%emt 0:00:05]} O-O {[%emt 0:00:02]} 12. a4 {[%emt 0:00:10]} Re8 {[%emt 0:00:07]} 13. Kf2 {[%emt 0:00:03]} Be6 {[%emt 0:00:06]} 14. h3 {[%emt 0:00:03]} Nbd7 {[%emt 0:00:02]} 15. g4 {[%emt 0:00:02]} Rf8 {[%emt 0:00:01]} 16. Bf4 {[%emt 0:00:06]} g5 {[%emt 0:00:07]} 17. Bxg5 {[%emt 0:00:03]} Ne4+ {[%emt 0:00:01]} 18. Kg2 {[%emt 0:00:03]} Nxg5 {[%emt 0:00:01]} 19. f4 {[%emt 0:00:01]} Ne4 {[%emt 0:00:01]} 20. Qc1 {[%emt 0:00:03]} d4 {[%emt 0:00:06]} 21. cxd4 {[%emt 0:00:04]} Bd5 {[%emt 0:00:01]} 22. Kh2 {[%emt 0:00:03]} Rac8 {[%emt 0:00:04]} 23. Bg2 {[%emt 0:00:03]} cxd4 {[%emt 0:00:03]} 24. Qd1 {[%emt 0:00:02]} Nf2 {[%emt 0:00:08]} 25. Bxd5+ {[%emt 0:00:04]} Kh8 {[%emt 0:00:02]} 26. Qxd4+ {[%emt 0:00:01]} Nf6 {[%emt 0:00:02]} 27. Qxf2 {[%emt 0:00:01]} Nxd5 {[%emt 0:00:01]} 28. Qd4+ {[%emt 0:00:02]} Nf6 {[%emt 0:00:01]} 29. g5 {[%emt 0:00:01]} Rcd8 {[%emt 0:00:01]} 30. Qe5 {[%emt 0:00:25]} Rde8 {[%emt 0:00:07]} 31. Qb2 {[%emt 0:00:01]} Qc7 {[%emt 0:00:08]} 32. Rhf1 {[%emt 0:00:03]} Rxe2+ {[%emt 0:00:07]} 33. Qxe2 {[%emt 0:00:02]} Ng8 {[%emt 0:00:09]} 34. Qe5+ {[%emt 0:00:01]} Qg7 {[%emt 0:00:02]} 35. Qxg7+ {[%emt 0:00:02]} Kxg7 {[%emt 0:00:01]} 36. f5 {[%emt 0:00:00]} Rd8 {[%emt 0:00:03]} 37. h4 {[%emt 0:00:01]} Rd2+ {[%emt 0:00:02]} 38. Kg3 {[%emt 0:00:00]} Kf7 {[%emt 0:00:02]} 39. Kg4 {[%emt 0:00:01]} Ne7 {[%emt 0:00:01]} 40. Kh5 {[%emt 0:00:01]} Rh2 {[%emt 0:00:13]} 41. g6+ {[%emt 0:00:01]} Kf6 {[%emt 0:00:07]} 42. gxh7 {[%emt 0:00:02]} Kg7 {[%emt 0:00:11]} 43. f6+ {[%emt 0:00:01]} Kxh7 {[%emt 0:00:02]} 44. fxe7 {[%emt 0:00:00]} Re2 {[%emt 0:00:01]} 45. Rf7+ {[%emt 0:00:02]} Kg8 {[%emt 0:00:02]} 46. Rf8+ {[%emt 0:00:00]} Kg7 {[%emt 0:00:01]} 47. e8=Q {[%emt 0:00:00]} Rxe8 {[%emt 0:00:10]} 48. Rxe8 {[%emt 0:00:00]} Kf7 {[%emt 0:00:01]} 49. Rae1 {[%emt 0:00:01]} Kf6 {[%emt 0:00:01]} 50. R8e5 {[%emt 0:00:02]} Kf7 {[%emt 0:00:01]} 51. Rf1+ {[%emt 0:00:00]} Kg7 {[%emt 0:00:01]} 52. Rg5+ {[%emt 0:00:00]} Kh8 {[%emt 0:00:02]} 53. Rf6 {[%emt 0:00:03]} Kh7 {[%emt 0:00:01]} 54. Rc5 {[%emt 0:00:00]} Kg7 {[%emt 0:00:03]} 55. Rd6 {[%emt 0:00:00]} Kf7 {[%emt 0:00:01]} 56. Rc7+ {[%emt 0:00:00]} Ke8 {[%emt 0:00:01]} 57. Rh6 {[%emt 0:00:01]} Kd8 {[%emt 0:00:01]} 58. Rg7 {[%emt 0:00:00] Time Time Time Time Time (Lag: Av=0.55s, max=0.9s) (Lag: Av=0.55s, max=0.9s) (Lag: Av=0.55s, max=0.9s) (Lag: Av=0.55s, max=0.9s) (Lag: Av=0.55s, max=0.9s)} 1-0

[Event "Stay Safe Play From Home 372."]
[Site "Emanuel Lasker Arena"]
[Date "2020.08.10"]
[Round "6"]
[White "Lazieri3"]
[Black "Klausen"]
[Result "0-1"]
[WhiteElo "1988"]
[BlackElo "2016"]
[PlyCount "52"]
[EventDate "2020.08.10"]
[EventType "swiss (blitz)"]

1. e4 {[%emt 0:00:01]} g6 {[%emt 0:00:02]} 2. Nc3 {[%emt 0:00:00]} Bg7 {[%emt 0:00:02]} 3. Nf3 {[%emt 0:00:00]} e6 {[%emt 0:00:02]} 4. Bc4 {[%emt 0:00:03]} Ne7 {[%emt 0:00:02]} 5. d3 {[%emt 0:00:01]} d5 {[%emt 0:00:01]} 6. exd5 {[%emt 0:00:01]} exd5 {[%emt 0:00:01]} 7. Bb3 {[%emt 0:00:00]} O-O {[%emt 0:00:02]} 8. Bf4 {[%emt 0:00:02]} c6 {[%emt 0:00:03]} 9. Qd2 {[%emt 0:00:01]} Bf5 {[%emt 0:00:10]} 10. Bh6 {[%emt 0:00:02]} Re8 {[%emt 0:00:04]} 11. Bxg7 {[%emt 0:00:01]} Kxg7 {[%emt 0:00:02]} 12. O-O-O {[%emt 0:00:01]} a5 {[%emt 0:00:02]} 13. a3 {[%emt 0:00:10]} b5 {[%emt 0:00:02]} 14. Ne2 {[%emt 0:00:04]} Qb6 {[%emt 0:00:08]} 15. Qc3+ {[%emt 0:00:03]} Kg8 {[%emt 0:00:06]} 16. Ned4 {[%emt 0:00:02]} b4 {[%emt 0:00:04]} 17. Qd2 {[%emt 0:00:13]} a4 {[%emt 0:00:03]} 18. Nxf5 {[%emt 0:00:02]} Nxf5 {[%emt 0:00:02]} 19. Ba2 {[%emt 0:00:03]} bxa3 {[%emt 0:00:02]} 20. bxa3 {[%emt 0:00:00]} Nd7 {[%emt 0:00:06]} 21. Rhe1 {[%emt 0:00:07]} Reb8 {[%emt 0:00:03]} 22. Qc3 {[%emt 0:00:05]} d4 {[%emt 0:00:08]} 23. Qc4 {[%emt 0:00:11]} Qb2+ {[%emt 0:00:07]} 24. Kd2 {[%emt 0:00:01]} Nd6 {[%emt 0:00:02]} 25. Qxc6 {[%emt 0:00:08]} Rc8 {[%emt 0:00:15]} 26. Bxf7+ {[%emt 0:00:05]} Nxf7 {[%emt 0:00:03] Lazieri3 resigns Lazieri3 resigns Lazieri3 resigns Lazieri3 resigns Lazieri3 resigns (Lag: Av=0.44s, max=1.0s) (Lag: Av=0.44s, max=1.0s) (Lag: Av=0.44s, max=1.0s) (Lag: Av=0.44s, max=1.0s) (Lag: Av=0.44s, max=1.0s)} 0-1

[Event "Stay Safe Play From Home 372."]
[Site "Emanuel Lasker Arena"]
[Date "2020.08.10"]
[Round "6"]
[White "Padmaesh M K"]
[Black "Dukic"]
[Result "0-1"]
[WhiteElo "1970"]
[BlackElo "1895"]
[PlyCount "72"]
[EventDate "2020.08.10"]
[EventType "swiss (blitz)"]

1. e4 {[%emt 0:00:02]} c6 {[%emt 0:00:02]} 2. c4 {[%emt 0:00:02]} d6 {[%emt 0:00:00]} 3. d4 {[%emt 0:00:01]} Nd7 {[%emt 0:00:00]} 4. Nc3 {[%emt 0:00:01]} e5 {[%emt 0:00:01]} 5. f4 {[%emt 0:00:04]} Be7 {[%emt 0:00:02]} 6. Nf3 {[%emt 0:00:02]} Qc7 {[%emt 0:00:01]} 7. fxe5 {[%emt 0:00:02]} dxe5 {[%emt 0:00:02]} 8. d5 {[%emt 0:00:01]} Ngf6 {[%emt 0:00:02]} 9. Be2 {[%emt 0:00:08]} Qb6 {[%emt 0:00:06]} 10. d6 {[%emt 0:00:06]} Bd8 {[%emt 0:00:03]} 11. Na4 {[%emt 0:00:13]} Qa6 {[%emt 0:00:08]} 12. c5 {[%emt 0:00:04]} b5 {[%emt 0:00:02]} 13. cxb6 {[%emt 0:00:02]} Qb7 {[%emt 0:00:11]} 14. bxa7 {[%emt 0:00:10]} Rxa7 {[%emt 0:00:03]} 15. O-O {[%emt 0:00:03]} O-O {[%emt 0:00:02]} 16. Be3 {[%emt 0:00:05]} Ra5 {[%emt 0:00:02]} 17. a3 {[%emt 0:00:11]} Nxe4 {[%emt 0:00:03]} 18. b4 {[%emt 0:00:03]} Rd5 {[%emt 0:00:05]} 19. Qc2 {[%emt 0:00:03]} Nef6 {[%emt 0:00:27]} 20. Bc4 {[%emt 0:00:05]} Rxd6 {[%emt 0:00:02]} 21. Nc5 {[%emt 0:00:09]} Qa7 {[%emt 0:00:16]} 22. Rfe1 {[%emt 0:00:07]} Bb6 {[%emt 0:00:02]} 23. Kh1 {[%emt 0:00:15]} Nd5 {[%emt 0:00:08]} 24. Nxd7 {[%emt 0:00:12]} Nxe3 {[%emt 0:00:10]} 25. Qb3 {[%emt 0:00:09]} Bxd7 {[%emt 0:00:11]} 26. Nxe5 {[%emt 0:00:08]} Nxc4 {[%emt 0:00:10]} 27. Nxc4 {[%emt 0:00:06]} Be6 {[%emt 0:00:02]} 28. Qc2 {[%emt 0:00:09]} Rd4 {[%emt 0:00:06]} 29. Ne5 {[%emt 0:00:03]} Bd5 {[%emt 0:00:06]} 30. h3 {[%emt 0:00:09]} Qc7 {[%emt 0:00:06]} 31. Nf3 {[%emt 0:00:03]} Rc4 {[%emt 0:00:02]} 32. Qf5 {[%emt 0:00:01]} Qg3 {[%emt 0:00:02]} 33. Qg4 {[%emt 0:00:01]} Qxg4 {[%emt 0:00:02]} 34. hxg4 {[%emt 0:00:00]} Rc2 {[%emt 0:00:01]} 35. Rg1 {[%emt 0:00:01]} Re8 {[%emt 0:00:02]} 36. Ne5 {[%emt 0:00:01]} Rxe5 {[%emt 0:00:01] Time Time Time Time Time (Lag: Av=0.46s, max=0.8s) (Lag: Av=0.46s, max=0.8s) (Lag: Av=0.46s, max=0.8s) (Lag: Av=0.46s, max=0.8s) (Lag: Av=0.46s, max=0.8s)} 0-1

[Event "Stay Safe Play From Home 372."]
[Site "Emanuel Lasker Arena"]
[Date "2020.08.10"]
[Round "6"]
[White "Greblah"]
[Black "Haris kollari 13"]
[Result "1-0"]
[WhiteElo "1915"]
[BlackElo "1933"]
[Annotator "NA"]
[PlyCount "135"]
[EventDate "2020.08.10"]
[EventType "swiss (blitz)"]

1. e4 {[%emt 0:00:01]} e5 {[%emt 0:00:01]} 2. Nf3 {[%emt 0:00:06]} d6 {[%emt 0:00:01]} 3. d4 {[%emt 0:00:01]} f6 {[%emt 0:00:01]} 4. Nc3 {[%emt 0:00:07]} Bg4 {[%emt 0:00:01]} 5. Be2 {[%emt 0:00:02]} Bxf3 {[%emt 0:00:01]} 6. Bxf3 {[%emt 0:00:02]} Nc6 {[%emt 0:00:00]} 7. Be3 {[%emt 0:00:07]} Nge7 {[%emt 0:00:04]} 8. d5 {[%emt 0:00:03]} Nb8 {[%emt 0:00:02]} 9. Bg4 {[%emt 0:00:03]} Nd7 {[%emt 0:00:02]} 10. f3 {[%emt 0:00:04]} Ng6 {[%emt 0:00:05]} 11. h4 {[%emt 0:00:07]} Nb6 {[%emt 0:00:10]} 12. b3 {[%emt 0:00:14]} Be7 {[%emt 0:00:02]} 13. Bh5 {[%emt 0:00:05]} Qd7 {[%emt 0:00:06]} 14. Qe2 {[%emt 0:00:04]} a6 {[%emt 0:00:05]} 15. Qf2 {[%emt 0:00:01]} Nc8 {[%emt 0:00:06]} 16. Qg3 {[%emt 0:00:01]} Nb6 {[%emt 0:00:10]} 17. Bxg6+ {[%emt 0:00:03]} hxg6 {[%emt 0:00:02]} 18. Qxg6+ {[%emt 0:00:01]} Kf8 {[%emt 0:00:00]} 19. h5 {[%emt 0:00:05]} Qe8 {[%emt 0:00:01]} 20. Qxe8+ {[%emt 0:00:04]} Rxe8 {[%emt 0:00:01]} 21. Bxb6 {[%emt 0:00:07]} cxb6 {[%emt 0:00:01]} 22. Ne2 {[%emt 0:00:07]} Rc8 {[%emt 0:00:02]} 23. c4 {[%emt 0:00:01]} Kf7 {[%emt 0:00:03]} 24. Kd2 {[%emt 0:00:03]} Rh6 {[%emt 0:00:02]} 25. g4 {[%emt 0:00:01]} Rch8 {[%emt 0:00:01]} 26. Rhg1 {[%emt 0:00:03]} g6 {[%emt 0:00:03]} 27. hxg6+ {[%emt 0:00:02]} Kxg6 {[%emt 0:00:01]} 28. Rg2 {[%emt 0:00:01]} Rh2 {[%emt 0:00:02]} 29. Rag1 {[%emt 0:00:02]} R8h3 {[%emt 0:00:02]} 30. Ke3 {[%emt 0:00:06]} Bf8 {[%emt 0:00:01]} 31. Rxh2 {[%emt 0:00:06]} Rxh2 {[%emt 0:00:02]} 32. Kd3 {[%emt 0:00:05]} Bh6 {[%emt 0:00:01]} 33. b4 {[%emt 0:00:01]} Rf2 {[%emt 0:00:03]} 34. Rg3 {[%emt 0:00:04]} Bg5 {[%emt 0:00:07]} 35. Rh3 {[%emt 0:00:02]} Rf1 {[%emt 0:00:06]} 36. a4 {[%emt 0:00:01]} Ra1 {[%emt 0:00:03]} 37. a5 {[%emt 0:00:01]} bxa5 {[%emt 0:00:02]} 38. bxa5 {[%emt 0:00:01]} Rxa5 {[%emt 0:00:01]} 39. Nc3 {[%emt 0:00:02]} Ra3 {[%emt 0:00:06]} 40. c5 {[%emt 0:00:03]} dxc5 {[%emt 0:00:02]} 41. d6 {[%emt 0:00:01]} Kf7 {[%emt 0:00:06]} 42. Rh7+ {[%emt 0:00:02]} Ke8 {[%emt 0:00:04]} 43. Kc2 {[%emt 0:00:04]} b5 {[%emt 0:00:05]} 44. Nd5 {[%emt 0:00:01]} Rxf3 {[%emt 0:00:11]} 45. d7+ {[%emt 0:00:01]} Kd8 {[%emt 0:00:02]} 46. Rh8+ {[%emt 0:00:01]} Kxd7 {[%emt 0:00:01]} 47. Rh7+ {[%emt 0:00:04]} Kc8 {[%emt 0:00:01]} 48. Ra7 {[%emt 0:00:01]} Ra3 {[%emt 0:00:05]} 49. Rc7+ {[%emt 0:00:05]} Kb8 {[%emt 0:00:01]} 50. Rxc5 {[%emt 0:00:00]} Ra4 {[%emt 0:00:05]} 51. Rc6 {[%emt 0:00:03]} Kb7 {[%emt 0:00:03]} 52. Rb6+ {[%emt 0:00:01]} Ka7 {[%emt 0:00:01]} 53. Re6 {[%emt 0:00:01]} Rxe4 {[%emt 0:00:06]} 54. Re7+ {[%emt 0:00:00]} Kb8 {[%emt 0:00:02]} 55. Re8+ {[%emt 0:00:00]} Kb7 {[%emt 0:00:01]} 56. Re7+ {[%emt 0:00:00]} Kc6 {[%emt 0:00:01]} 57. Nc3 {[%emt 0:00:01]} Rc4 {[%emt 0:00:02]} 58. Kd3 {[%emt 0:00:01]} Rd4+ {[%emt 0:00:01]} 59. Kc2 {[%emt 0:00:01]} b4 {[%emt 0:00:01]} 60. Ne2 {[%emt 0:00:01]} Kb5 {[%emt 0:00:01]} 61. Nxd4+ {[%emt 0:00:01]} exd4 {[%emt 0:00:02]} 62. Rd7 {[%emt 0:00:00]} Be3 {[%emt 0:00:01]} 63. Kd3 {[%emt 0:00:01]} b3 {[%emt 0:00:01]} 64. Rd6 {[%emt 0:00:01]} Kb4 {[%emt 0:00:01]} 65. Rxf6 {[%emt 0:00:01]} b2 {[%emt 0:00:01]} 66. Rb6+ {[%emt 0:00:01]} Ka3 {[%emt 0:00:01]} 67. Kc2 {[%emt 0:00:01]} b1=Q+ {[%emt 0:00:01]} 68. Kxb1 {[%emt 0:00:01] Time Time Time Time Time (Lag: Av=0.41s, max=0.7s) (Lag: Av=0.41s, max=0.7s) (Lag: Av=0.41s, max=0.7s) (Lag: Av=0.41s, max=0.7s) (Lag: Av=0.41s, max=0.7s)} 1-0

[Event "Stay Safe Play From Home 372."]
[Site "Emanuel Lasker Arena"]
[Date "2020.08.10"]
[Round "6"]
[White "Erdema"]
[Black "Buzaglo"]
[Result "1-0"]
[WhiteElo "1637"]
[BlackElo "1759"]
[Annotator "NA"]
[PlyCount "125"]
[EventDate "2020.08.10"]
[EventType "swiss (blitz)"]

1. e4 {[%emt 0:00:03]} e5 {[%emt 0:00:01]} 2. Nf3 {[%emt 0:00:02]} d6 {[%emt 0:00:01]} 3. h3 {[%emt 0:00:02]} Nf6 {[%emt 0:00:05]} 4. Nc3 {[%emt 0:00:02]} Nc6 {[%emt 0:00:02]} 5. Bc4 {[%emt 0:00:02]} Be7 {[%emt 0:00:02]} 6. d4 {[%emt 0:00:03]} exd4 {[%emt 0:00:01]} 7. Nxd4 {[%emt 0:00:01]} Nxd4 {[%emt 0:00:01]} 8. Qxd4 {[%emt 0:00:02]} O-O {[%emt 0:00:01]} 9. O-O {[%emt 0:00:02]} Be6 {[%emt 0:00:02]} 10. e5 {[%emt 0:00:04]} Bxc4 {[%emt 0:00:05]} 11. Qxc4 {[%emt 0:00:03]} dxe5 {[%emt 0:00:02]} 12. Nb5 {[%emt 0:00:01]} c6 {[%emt 0:00:03]} 13. Nc3 {[%emt 0:00:02]} Qd4 {[%emt 0:00:08]} 14. Qxd4 {[%emt 0:00:06]} exd4 {[%emt 0:00:00]} 15. Ne2 {[%emt 0:00:02]} c5 {[%emt 0:00:01]} 16. Bf4 {[%emt 0:00:02]} Rad8 {[%emt 0:00:02]} 17. Rfd1 {[%emt 0:00:02]} Bd6 {[%emt 0:00:01]} 18. Bxd6 {[%emt 0:00:03]} Rxd6 {[%emt 0:00:00]} 19. c3 {[%emt 0:00:01]} Rfd8 {[%emt 0:00:01]} 20. cxd4 {[%emt 0:00:02]} cxd4 {[%emt 0:00:00]} 21. Rd3 {[%emt 0:00:01]} Rb6 {[%emt 0:00:38]} 22. b3 {[%emt 0:00:02]} Re8 {[%emt 0:00:13]} 23. Kf1 {[%emt 0:00:05]} Rbe6 {[%emt 0:00:06]} 24. Nf4 {[%emt 0:00:06]} Re4 {[%emt 0:00:04]} 25. g3 {[%emt 0:00:04]} Nd5 {[%emt 0:00:08]} 26. Nxd5 {[%emt 0:00:04]} Rd8 {[%emt 0:00:02]} 27. Nf4 {[%emt 0:00:03]} g5 {[%emt 0:00:02]} 28. Ne2 {[%emt 0:00:02]} h5 {[%emt 0:00:04]} 29. Rad1 {[%emt 0:00:04]} Rde8 {[%emt 0:00:01]} 30. Nxd4 {[%emt 0:00:02]} b6 {[%emt 0:00:04]} 31. Nf5 {[%emt 0:00:02]} Re2 {[%emt 0:00:03]} 32. Rd7 {[%emt 0:00:08]} Rxa2 {[%emt 0:00:03]} 33. Nh6+ {[%emt 0:00:03]} Kg7 {[%emt 0:00:01]} 34. Nxf7 {[%emt 0:00:02]} Kf6 {[%emt 0:00:01]} 35. Nd6 {[%emt 0:00:03]} Ree2 {[%emt 0:00:02]} 36. Rf7+ {[%emt 0:00:04]} Ke6 {[%emt 0:00:04]} 37. Rf3 {[%emt 0:00:02]} Reb2 {[%emt 0:00:05]} 38. Nc4 {[%emt 0:00:09]} Rc2 {[%emt 0:00:02]} 39. Re1+ {[%emt 0:00:04]} Kd5 {[%emt 0:00:02]} 40. Ne3+ {[%emt 0:00:02]} Kc6 {[%emt 0:00:01]} 41. Nxc2 {[%emt 0:00:02]} Rxc2 {[%emt 0:00:00]} 42. Rf5 {[%emt 0:00:02]} Rb2 {[%emt 0:00:03]} 43. Re3 {[%emt 0:00:01]} Rb1+ {[%emt 0:00:01]} 44. Kg2 {[%emt 0:00:02]} g4 {[%emt 0:00:02]} 45. hxg4 {[%emt 0:00:02]} hxg4 {[%emt 0:00:00]} 46. Rf4 {[%emt 0:00:02]} a5 {[%emt 0:00:00]} 47. Rxg4 {[%emt 0:00:01]} b5 {[%emt 0:00:00]} 48. Rg5 {[%emt 0:00:02]} a4 {[%emt 0:00:02]} 49. bxa4 {[%emt 0:00:01]} bxa4 {[%emt 0:00:00]} 50. Re6+ {[%emt 0:00:02]} Kd7 {[%emt 0:00:01]} 51. Ra6 {[%emt 0:00:01]} Rb4 {[%emt 0:00:00]} 52. Rg7+ {[%emt 0:00:02]} Kc8 {[%emt 0:00:06]} 53. Ra8+ {[%emt 0:00:01]} Rb8 {[%emt 0:00:01]} 54. Rg8+ {[%emt 0:00:01]} Kb7 {[%emt 0:00:01]} 55. Raxb8+ {[%emt 0:00:01]} Kc6 {[%emt 0:00:00]} 56. Ra8 {[%emt 0:00:01]} a3 {[%emt 0:00:00]} 57. Rxa3 {[%emt 0:00:02]} Kd5 {[%emt 0:00:00]} 58. Rg4 {[%emt 0:00:02]} Ke5 {[%emt 0:00:01]} 59. Ra5+ {[%emt 0:00:01]} Kf6 {[%emt 0:00:00]} 60. Rb4 {[%emt 0:00:02]} Kf7 {[%emt 0:00:00]} 61. Rb6 {[%emt 0:00:02]} Ke8 {[%emt 0:00:00]} 62. Ra7 {[%emt 0:00:01]} Kd8 {[%emt 0:00:01]} 63. Rb8# {[%emt 0:00:01] (Lag: Av=0.69s, max=1.3s) (Lag: Av=0.69s, max=1.3s) (Lag: Av=0.69s, max=1.3s) (Lag: Av=0.69s, max=1.3s) (Lag: Av=0.69s, max=1.3s)} 1-0

[Event "Stay Safe Play From Home 372."]
[Site "Emanuel Lasker Arena"]
[Date "2020.08.10"]
[Round "6"]
[White "Timbre"]
[Black "Kongle"]
[Result "1-0"]
[WhiteElo "1602"]
[BlackElo "1678"]
[Annotator "NA"]
[PlyCount "83"]
[EventDate "2020.08.10"]
[EventType "swiss (blitz)"]

1. d4 {[%emt 0:00:14]} Nf6 {[%emt 0:00:03]} 2. Nf3 {[%emt 0:00:01]} d5 {[%emt 0:00:02]} 3. c3 {[%emt 0:00:01]} Bg4 {[%emt 0:00:02]} 4. Bf4 {[%emt 0:00:03]} e6 {[%emt 0:00:02]} 5. e3 {[%emt 0:00:01]} Nbd7 {[%emt 0:00:03]} 6. Be2 {[%emt 0:00:02]} Bd6 {[%emt 0:00:03]} 7. Bg3 {[%emt 0:00:03]} O-O {[%emt 0:00:02]} 8. Nbd2 {[%emt 0:00:01]} a6 {[%emt 0:00:05]} 9. a3 {[%emt 0:00:02]} Re8 {[%emt 0:00:02]} 10. O-O {[%emt 0:00:02]} e5 {[%emt 0:00:05]} 11. dxe5 {[%emt 0:00:02]} Nxe5 {[%emt 0:00:03]} 12. Nxe5 {[%emt 0:00:02]} Bxe2 {[%emt 0:00:01]} 13. Qxe2 {[%emt 0:00:01]} Bxe5 {[%emt 0:00:02]} 14. Nf3 {[%emt 0:00:01]} Bxg3 {[%emt 0:00:03]} 15. hxg3 {[%emt 0:00:02]} Ne4 {[%emt 0:00:02]} 16. Rad1 {[%emt 0:00:02]} c6 {[%emt 0:00:02]} 17. Qc2 {[%emt 0:00:02]} Qf6 {[%emt 0:00:05]} 18. Rd4 {[%emt 0:00:02]} Qh6 {[%emt 0:00:03]} 19. c4 {[%emt 0:00:03]} Rad8 {[%emt 0:00:05]} 20. cxd5 {[%emt 0:00:02]} cxd5 {[%emt 0:00:02]} 21. Rfd1 {[%emt 0:00:06]} Qh5 {[%emt 0:00:08]} 22. Qa4 {[%emt 0:00:04]} Re6 {[%emt 0:00:04]} 23. Rxe4 {[%emt 0:00:11]} b5 {[%emt 0:00:19]} 24. Qa5 {[%emt 0:00:08]} Red6 {[%emt 0:00:13]} 25. Rh4 {[%emt 0:00:05]} Qf5 {[%emt 0:00:06]} 26. Qc3 {[%emt 0:00:06]} f6 {[%emt 0:00:03]} 27. Nd4 {[%emt 0:00:07]} Qg5 {[%emt 0:00:04]} 28. Qc2 {[%emt 0:00:05]} h6 {[%emt 0:00:06]} 29. Nf5 {[%emt 0:00:06]} R6d7 {[%emt 0:00:06]} 30. Rhd4 {[%emt 0:00:05]} g6 {[%emt 0:00:09]} 31. Nh4 {[%emt 0:00:03]} f5 {[%emt 0:00:04]} 32. Nf3 {[%emt 0:00:03]} Qh5 {[%emt 0:00:03]} 33. Qc6 {[%emt 0:00:10]} Rd6 {[%emt 0:00:02]} 34. Qc5 {[%emt 0:00:02]} g5 {[%emt 0:00:04]} 35. Rxd5 {[%emt 0:00:02]} Rxd5 {[%emt 0:00:01]} 36. Rxd5 {[%emt 0:00:01]} Re8 {[%emt 0:00:01]} 37. Rd7 {[%emt 0:00:07]} g4 {[%emt 0:00:05]} 38. Nh4 {[%emt 0:00:06]} Qg5 {[%emt 0:00:08]} 39. Qd5+ {[%emt 0:00:02]} Kh8 {[%emt 0:00:02]} 40. Qf7 {[%emt 0:00:04]} Qg8 {[%emt 0:00:10]} 41. Ng6+ {[%emt 0:00:03]} Qxg6 {[%emt 0:00:03]} 42. Qxg6 {[%emt 0:00:01] Time Time Time Time Time (Lag: Av=0.51s, max=0.6s) (Lag: Av=0.51s, max=0.6s) (Lag: Av=0.51s, max=0.6s) (Lag: Av=0.51s, max=0.6s) (Lag: Av=0.51s, max=0.6s)} 1-0